=LDR 00000nam 2200000 4500 =001 INLIS000000000026860 =005 20130612125259 =008 ***********************************ind** =035 ##$$0010-061300000026860 =041 ##$$a ind =082 ##$$a 646.4 =090 ##$$a 646.4, PUS t =100 ##$$a Puspo, Gut =245 ##$$a Terampil busana kemeja koko, tampil simpatik dengan kemeja apik, Goet Poespo; penyunting, Dwi Agus Santoso =250 ##$$a Puspa Terampil =260 ##$$a 2005 $b Jakarta =300 ##$$a iv, 55 hlm., ilus., 28 cm =650 ##$$a Mode =650 ##$$a Kemeja Koko =700 ##$$a Santosa, Dwi Swara =850 ##$$a NBPNMAT